| 000 | 00419nam a22001577a 4500 | ||
|---|---|---|---|
| 003 | PILC | ||
| 005 | 20151021154211.0 | ||
| 008 | 121119t xxu||||| |||| 00| 0 eng d | ||
| 020 | _a9789832584018 | ||
| 050 |
_aPZ 8.1 _b.K79 2002 |
||
| 245 | _aGoldilocks and The Three Bears / | ||
| 260 |
_aCanada : _bTormont Publications Inc., _cc1995. |
||
| 300 |
_a15 p. : _bcol. ill. ; _c21 cm. |
||
| 942 |
_2lcc _cBK |
||
| 999 |
_c39039 _d39039 |
||